| 000 | 00711nam a2200193Ia 4500 | ||
|---|---|---|---|
| 003 | IN-BaIIA | ||
| 008 | 211028s9999 xx 000 0 eng d | ||
| 020 | _a92-9092-323-7 | ||
| 040 | _cIIA Library | ||
| 080 |
_a524.382 _bESA-I |
||
| 100 |
_aLa Dous, Constanze _919098 |
||
| 245 | 0 |
_aIUE-ULDA access guide no. 5 _bpt. 1, international ultraviolet explorer-uniform low disperson archive chromospherically active binary stars _cConstanze La Dous and Gimenez, Alvaro |
|
| 260 |
_aNetherlands _bEuropean Space Agency _c1994 |
||
| 300 | _axxviii, 221p. | ||
| 650 |
_aBinary stars _91185 |
||
| 650 |
_aChromosphere _95508 |
||
| 700 |
_aGimenez, Alvaro _919864 |
||
| 942 | _cBK | ||
| 999 |
_c11589 _d11589 |
||